[Event "ODEM U14 2010"]
[Site "Oberhof GER"]
[Date "2010.05.27"]
[Round "5"]
[White "Voggenreiter, Simon"]
[Black "Tran, Khoa Anh Le"]
[Result "1/2-1/2"]
[Termination "normal"]
[Board "1"]
[WhiteElo "1738"]
[BlackElo "1588"]
[PlyCount "94"]
[WhiteFideId "24615501"]
[EventCountry "GER"]
[EventRounds "7"]
[EventType "swiss"]
[EventDate "2010.05.22"]

1. e4 e6 2. d4 d5 3. Nc3 Nf6 4. e5 Nfd7 5. f4 c5 6. Nf3 Nc6 7. Be3 cxd4 8. Nxd4
Bc5 9. Qd2 a6 10. h4 Qc7 11. O-O-O b5 12. Nce2 Bb7 13. g4 O-O-O 14. Nxc6 Qxc6
15. Nd4 Qb6 16. Rh3 Kb8 17. Kb1 Ka8 18. Re1 Rde8 19. Nb3 Bxe3 20. Rhxe3 h5 21.
gxh5 Rxh5 22. Rh3 Reh8 23. Qh2 Qd8 24. Qd2 Rxh4 25. Rg3 g6 26. Nd4 Nc5 27. Bg2
Rh2 28. Nf3 Ne4 29. Qe3 Nxg3 30. Nxh2 Rxh2 31. Qxg3 Qh4 32. Qxh4 Rxh4 33. Rf1
Ka7 34. Kc1 Kb6 35. b4 a5 36. a3 axb4 37. axb4 Rg4 38. Bh1 g5 39. fxg5 Rxg5 40.
Kb2 Rxe5 41. Rxf7 Re3 42. Re7 e5 43. Re6+ Ka7 44. Re7 e4 45. Bg2 d4 46. Bf1 Kb6
47. Bxb5 Kxb5 1/2-1/2

[Event "ODEM U14 2010"]
[Site "Oberhof GER"]
[Date "2010.05.27"]
[Round "5"]
[White "Bosse, Lea"]
[Black "Nobis, Philipp"]
[Result "0-1"]
[Termination "normal"]
[Board "2"]
[WhiteElo "1450"]
[BlackElo "1515"]
[PlyCount "68"]
[WhiteFideId "12900419"]
[BlackFideId "24602183"]
[EventCountry "GER"]
[EventRounds "7"]
[EventType "swiss"]
[EventDate "2010.05.22"]

1. e4 c5 2. Nc3 a6 3. f4 d6 4. Nf3 Nf6 5. a4 e6 6. g3 Be7 7. d4 cxd4 8. Nxd4 b6
9. Bg2 Bb7 10. O-O Qc7 11. Qe2 O-O 12. Kh1 Nbd7 13. f5 e5 14. Nb3 Nc5 15. Nd2
Rfd8 16. b4 Ncd7 17. Nc4 Rac8 18. Nxd6 Bxd6 19. Na2 Qxc2 20. Qxc2 Rxc2 21. Bg5
h6 22. Bh4 Rdc8 23. Rfe1 Rd2 24. Red1 Rcc2 25. Rxd2 Rxd2 26. b5 axb5 27. axb5
Bxe4 28. Bxe4 Nxe4 29. g4 Bc5 30. Be1 Re2 31. Nc3 Nxc3 32. Bxc3 Nf6 33. h3 Ne4
34. Rc1 Ng3# 0-1

[Event "ODEM U14 2010"]
[Site "Oberhof GER"]
[Date "2010.05.27"]
[Round "5"]
[White "Kempe, Markus"]
[Black "Hansch, Stephan"]
[Result "1/2-1/2"]
[Termination "normal"]
[Board "3"]
[WhiteElo "1397"]
[BlackElo "1832"]
[PlyCount "52"]
[WhiteFideId "24692638"]
[EventCountry "GER"]
[EventRounds "7"]
[EventType "swiss"]
[EventDate "2010.05.22"]

1. e4 c5 2. Nf3 d6 3. d4 cxd4 4. Nxd4 Nf6 5. Nc3 a6 6. Bg5 e6 7. f4 Be7 8. Qf3
Qc7 9. O-O-O Nbd7 10. Bd3 Nc5 11. Rhe1 Nxd3+ 12. Qxd3 Ng4 13. Qg3 Bxg5 14. fxg5
Ne5 15. Nf3 O-O 16. Nxe5 dxe5 17. Re3 Kh8 18. Qh4 f5 19. gxf6 gxf6 20. Red3 b5
21. Rd8 Qe7 22. Rxf8+ Qxf8 23. a3 Ra7 24. g4 Rg7 25. h3 Bb7 26. Rf1 Rf7 1/2-1/2

[Event "ODEM U14 2010"]
[Site "Oberhof GER"]
[Date "2010.05.27"]
[Round "5"]
[White "Hansch, Karsten"]
[Black "Ewert, Paul"]
[Result "1-0"]
[Termination "normal"]
[Board "4"]
[WhiteElo "1885"]
[BlackElo "1519"]
[PlyCount "85"]
[WhiteFideId "24692239"]
[EventCountry "GER"]
[EventRounds "7"]
[EventType "swiss"]
[EventDate "2010.05.22"]

1. d4 Nf6 2. c4 e6 3. Nf3 Be7 4. Nc3 b6 5. Bf4 Bb7 6. Rc1 O-O 7. e3 Ne4 8. Nxe4
Bxe4 9. Bd3 Bg6 10. O-O d6 11. Bxg6 hxg6 12. Qa4 Qd7 13. Qxd7 Nxd7 14. Rfd1
Rfd8 15. b4 Rac8 16. h3 Nf6 17. Bg5 Kf8 18. Bxf6 Bxf6 19. Rd3 e5 20. Ra3 Ra8
21. d5 e4 22. Nd4 Bxd4 23. exd4 f5 24. Ra6 Rd7 25. b5 f4 26. Rc3 Re7 27. Kf1
Rf7 28. Rca3 Re8 29. Rxa7 e3 30. Ra8 e2+ 31. Ke1 Rfe7 32. Rxe8+ Kxe8 33. Rc3
Re4 34. Rd3 Kd7 35. Rd2 g5 36. a3 Kc8 37. c5 bxc5 38. dxc5 dxc5 39. d6 c4 40.
dxc7 Re5 41. b6 Rc5 42. Rd8+ Kb7 43. Rb8+ 1-0

[Event "ODEM U14 2010"]
[Site "Oberhof GER"]
[Date "2010.05.27"]
[Round "5"]
[White "Bach, Marc-Andre"]
[Black "Halas, Lena"]
[Result "1/2-1/2"]
[Termination "normal"]
[Board "5"]
[WhiteElo "1298"]
[BlackElo "1434"]
[PlyCount "70"]
[WhiteFideId "1270773"]
[BlackFideId "12931799"]
[EventCountry "GER"]
[EventRounds "7"]
[EventType "swiss"]
[EventDate "2010.05.22"]

1. e4 e5 2. Nf3 Nf6 3. Nxe5 d6 4. Nf3 Nxe4 5. Nc3 Nxc3 6. dxc3 Be7 7. Bc4 Bg4
8. Bf4 Nd7 9. Qd5 Be6 10. Qd4 Bf6 11. Qd3 O-O 12. Bxe6 Re8 13. O-O-O Rxe6 14.
Qd2 Nf8 15. Rhe1 Rxe1 16. Rxe1 Ne6 17. Kb1 Qd7 18. Qe3 Qb5 19. Nd4 Nxd4 20.
cxd4 h6 21. c3 a5 22. Qg3 Kh7 23. Kc2 Qa4+ 24. Kb1 Re8 25. Rxe8 Qxe8 26. Qe3
Qb5 27. Kc2 Qa4+ 28. Kb1 Qd1+ 29. Qc1 Qg4 30. Bg3 g6 31. Qf4 Qd1+ 32. Qc1 Qd3+
33. Ka1 b5 34. a3 Be7 35. Bf4 h5 1/2-1/2

[Event "ODEM U14 2010"]
[Site "Oberhof GER"]
[Date "2010.05.27"]
[Round "5"]
[White "Mikeler, Marcel"]
[Black "Siegl, Melina"]
[Result "1/2-1/2"]
[Termination "normal"]
[Board "6"]
[WhiteElo "1180"]
[BlackElo "1404"]
[PlyCount "61"]
[WhiteFideId "12927856"]
[BlackFideId "1272126"]
[EventCountry "GER"]
[EventRounds "7"]
[EventType "swiss"]
[EventDate "2010.05.22"]

1. d4 d5 2. c4 e6 3. Nc3 Bb4 4. Nf3 Ne7 5. Bg5 Nbc6 6. e3 O-O 7. Bd3 h6 8. Bh4
b6 9. O-O Na5 10. cxd5 exd5 11. Rc1 Bg4 12. a3 Bxc3 13. Rxc3 f6 14. b4 Nb7 15.
h3 Bd7 16. Bg3 c6 17. Qc2 b5 18. Rc1 Rc8 19. Nd2 a5 20. Nb3 axb4 21. axb4 Ra8
22. Qb2 Qb6 23. Ra1 Nf5 24. Bh2 Nfd6 25. Nc5 Rxa1+ 26. Qxa1 Rd8 27. Ra3 Bc8 28.
Ra6 Qc7 29. Ra7 Qb6 30. Ra6 Qc7 31. Ra7 1/2-1/2

[Event "ODEM U14 2010"]
[Site "Oberhof GER"]
[Date "2010.05.27"]
[Round "5"]
[White "Edel, Fenja"]
[Black "Hesse, Henrik"]
[Result "1-0"]
[Termination "normal"]
[Board "7"]
[WhiteElo "1511"]
[BlackElo "1113"]
[PlyCount "55"]
[WhiteFideId "24696749"]
[BlackFideId "12952060"]
[EventCountry "GER"]
[EventRounds "7"]
[EventType "swiss"]
[EventDate "2010.05.22"]

1. e4 e5 2. Nc3 Nf6 3. Bc4 Nc6 4. d3 Na5 5. Bb3 d6 6. f4 Nxb3 7. axb3 Be7 8.
Nf3 exf4 9. Bxf4 Bg4 10. O-O c6 11. Qe1 O-O 12. Qh4 Bxf3 13. Rxf3 Nxe4 14. Qg4
Nf6 15. Qg3 Nh5 16. Qh3 Nxf4 17. Rxf4 d5 18. Raf1 Bg5 19. Rg4 Re8 20. Qh5 Bf6
21. Rf3 Qe7 22. g3 Bxc3 23. bxc3 Qe1+ 24. Rf1 Qe3+ 25. Kg2 Qd2+ 26. Rf2 Re2 27.
Qxf7+ Kh8 28. Qxg7# 1-0

[Event "ODEM U14 2010"]
[Site "Oberhof GER"]
[Date "2010.05.27"]
[Round "5"]
[White "Thole, Ann-Christin"]
[Black "Herbrig, Marie-Helén"]
[Result "1-0"]
[Termination "normal"]
[Board "8"]
[WhiteElo "1142"]
[BlackElo "1368"]
[PlyCount "83"]
[WhiteFideId "12907529"]
[BlackFideId "12900427"]
[EventCountry "GER"]
[EventRounds "7"]
[EventType "swiss"]
[EventDate "2010.05.22"]

1. e4 c5 2. c3 e6 3. d4 cxd4 4. cxd4 d6 5. Nf3 Nc6 6. d5 exd5 7. exd5 Ne5 8.
Nc3 a6 9. Be2 Nf6 10. O-O b5 11. Re1 Be7 12. Nxe5 dxe5 13. Bf3 Bd6 14. Bg5 h6
15. Bh4 Bf5 16. Ne4 Bxe4 17. Bxe4 O-O 18. Qf3 g5 19. Bg3 Kg7 20. Bd3 Qe7 21.
Qf5 Rfe8 22. f4 Bc5+ 23. Kh1 gxf4 24. Bxf4 Bd6 25. Re3 Rh8 26. Bxe5 Bxe5 27.
Rxe5 Qd6 28. Rf1 Rac8 29. Re3 Rb8 30. Rg3+ Kf8 31. Qxf6 Qxf6 32. Rxf6 Ke7 33.
Rgf3 Rbf8 34. Rxa6 b4 35. Bc4 Rc8 36. d6+ Kd8 37. b3 Rf8 38. h4 f5 39. Be6 Rb8
40. Rxf5 Rh8 41. Rfa5 Ke8 42. Ra8 1-0

[Event "ODEM U14 2010"]
[Site "Oberhof GER"]
[Date "2010.05.27"]
[Round "5"]
[White "Triantafillidis, Zoe"]
[Black "Mann, Jonas"]
[Result "0-1"]
[Termination "normal"]
[Board "9"]
[WhiteElo "1044"]
[BlackElo "1288"]
[PlyCount "86"]
[WhiteFideId "12900150"]
[BlackFideId "12900214"]
[EventCountry "GER"]
[EventRounds "7"]
[EventType "swiss"]
[EventDate "2010.05.22"]

1. e4 c5 2. Nf3 d6 3. Bc4 Nf6 4. Nc3 e6 5. d3 a6 6. a4 Be7 7. Bg5 b6 8. O-O Bb7
9. Re1 O-O 10. Qd2 Kh8 11. h3 Re8 12. Bb3 d5 13. Rad1 d4 14. Ne2 Nc6 15. Ng3 b5
16. Qf4 e5 17. Qd2 Kg8 18. Nf5 Bf8 19. Bd5 g6 20. Bxf6 Qxf6 21. Nh6+ Bxh6 22.
Qxh6 Qg7 23. Qxg7+ Kxg7 24. axb5 axb5 25. Ng5 Nd8 26. Nf3 Bxd5 27. exd5 f6 28.
Nd2 Nb7 29. c3 Ra2 30. cxd4 cxd4 31. Nb3 Rxb2 32. Nxd4 Nc5 33. Rb1 Rxb1 34.
Rxb1 exd4 35. Rxb5 Nxd3 36. Rb7+ Kh6 37. Rb3 Nf4 38. Rb4 Rd8 39. g3 Nxh3+ 40.
Kg2 Nxf2 41. Kxf2 Rxd5 42. Kf3 Kg5 43. Ke4 Rd8 0-1

[Event "ODEM U14 2010"]
[Site "Oberhof GER"]
[Date "2010.05.27"]
[Round "5"]
[White "Bauer, Lukas"]
[Black "Döpper, Anna Berenice"]
[Result "1-0"]
[Termination "normal"]
[Board "10"]
[WhiteElo "1272"]
[BlackElo "1001"]
[PlyCount "37"]
[WhiteFideId "12907715"]
[BlackFideId "1271853"]
[EventCountry "GER"]
[EventRounds "7"]
[EventType "swiss"]
[EventDate "2010.05.22"]

1. e4 e6 2. d4 d5 3. exd5 exd5 4. Nc3 c6 5. Nf3 Bd6 6. Bg5 Ne7 7. Be2 O-O 8.
Qd2 f6 9. Bh4 Bf5 10. O-O-O Qc7 11. Bg3 Ng6 12. Kb1 Nf4 13. Nh4 Nxe2 14. Nxf5
Nxc3+ 15. Qxc3 Bxg3 16. hxg3 Nd7 17. Ne7+ Kh8 18. Rxh7+ Kxh7 19. Rh1# 1-0

[Event "ODEM U14 2010"]
[Site "Oberhof GER"]
[Date "2010.05.27"]
[Round "5"]
[White "Strauch, Nicholas"]
[Black "Werner, Justus"]
[Result "1/2-1/2"]
[Termination "normal"]
[Board "11"]
[WhiteElo "1231"]
[BlackElo "1299"]
[PlyCount "97"]
[BlackFideId "12941107"]
[EventCountry "GER"]
[EventRounds "7"]
[EventType "swiss"]
[EventDate "2010.05.22"]

1. e4 c5 2. Nc3 d6 3. g3 Nc6 4. Bg2 e6 5. d3 Nge7 6. f4 g6 7. Nf3 Bg7 8. O-O
O-O 9. Ne2 a6 10. c3 Qc7 11. d4 cxd4 12. Nfxd4 b5 13. Nxc6 Qxc6 14. e5 d5 15.
Nd4 Qc7 16. Qd3 Rb8 17. b3 Bb7 18. Ba3 Rfc8 19. Bd6 Qd7 20. Bxb8 Rxb8 21. Rfc1
Rc8 22. Qd2 Qc7 23. Qd3 Qb6 24. Rab1 Qc5 25. Rb2 Nc6 26. Rbc2 Bf8 27. h3 Qb6
28. Kh2 Ba3 29. Rd1 Bc5 30. Nxc6 Qxc6 31. Qd2 Bb4 32. Qd3 Bxc3 33. b4 Qc4 34.
Qxc4 Rxc4 35. a3 a5 36. Bf1 Rc8 37. Rdc1 axb4 38. axb4 d4 39. Bxb5 Be4 40. Re2
Bd5 41. Bd3 Rb8 42. b5 Kf8 43. Rec2 Ke7 44. Rxc3 dxc3 45. Rxc3 Kd7 46. g4 Rb7
47. h4 Ke7 48. h5 gxh5 49. gxh5 1/2-1/2

[Event "ODEM U14 2010"]
[Site "Oberhof GER"]
[Date "2010.05.27"]
[Round "5"]
[White "Schirra, Maurice"]
[Black "Peters, Florian"]
[Result "0-1"]
[Termination "normal"]
[Board "12"]
[WhiteElo "1127"]
[BlackElo "1248"]
[PlyCount "150"]
[WhiteFideId "12941115"]
[BlackFideId "12952028"]
[EventCountry "GER"]
[EventRounds "7"]
[EventType "swiss"]
[EventDate "2010.05.22"]

1. e4 e5 2. Nf3 Nc6 3. d4 exd4 4. Nxd4 Nf6 5. Nc3 Bb4 6. Nxc6 bxc6 7. Bd3 O-O
8. O-O d6 9. Bd2 Re8 10. Re1 Bg4 11. f3 Bh5 12. a3 Bc5+ 13. Be3 Bxe3+ 14. Rxe3
Rb8 15. Rb1 Nd7 16. b4 d5 17. Re1 Ne5 18. Be2 d4 19. Na4 Bg6 20. Nc5 Qf6 21.
Rf1 Bh5 22. f4 Bxe2 23. Qxe2 Ng6 24. Nd7 Qd6 25. Nxb8 Rxb8 26. f5 Ne5 27. Rbd1
f6 28. Qf2 c5 29. c3 Ng4 30. Qf4 Ne3 31. Qxd6 cxd6 32. cxd4 cxb4 33. axb4 Nxd1
34. Rxd1 Rxb4 35. Kf2 Rb3 36. h4 Kf7 37. Kg1 Ke7 38. Kh2 Kd7 39. g3 Kc6 40. Kh3
Re3 41. d5+ Kb5 42. Rd4 Rc3 43. Rd1 Kb4 44. Kg4 a5 45. Rb1+ Rb3 46. Rc1 Rc3 47.
Rb1+ Rb3 48. Rc1 a4 49. Rc7 a3 50. Rb7+ Kc3 51. Rxg7 a2 52. Ra7 Kb2 53. Kh5
Rxg3 54. Kh6 a1=Q 55. Rxa1 Kxa1 56. h5 Rg5 57. Kxh7 Kb2 58. h6 Kc3 59. Kh8 Kd4
60. h7 Rh5 61. Kg7 Kxe4 62. Kxf6 Rxh7 63. Ke6 Rh6+ 64. f6 Kd4 65. Ke7 Kxd5 66.
f7 Rh8 67. Kf6 Kc4 68. Kg7 Rd8 69. Kf6 d5 70. Ke5 d4 71. Ke4 Rf8 72. Kf3 Rxf7+
73. Ke2 Re7+ 74. Kd1 Kc3 75. Kc1 Re1# 0-1

[Event "ODEM U14 2010"]
[Site "Oberhof GER"]
[Date "2010.05.27"]
[Round "5"]
[White "Martin, Raphael"]
[Black "Neumann, Tiemon"]
[Result "1-0"]
[Termination "normal"]
[Board "13"]
[WhiteElo "1237"]
[BlackElo "1030"]
[PlyCount "101"]
[WhiteFideId "12952036"]
[BlackFideId "12925462"]
[EventCountry "GER"]
[EventRounds "7"]
[EventType "swiss"]
[EventDate "2010.05.22"]

1. e4 e5 2. Nf3 Nf6 3. Nxe5 d6 4. Nf3 Nxe4 5. d3 Nf6 6. Nc3 Nc6 7. Be2 Be7 8.
O-O O-O 9. Bf4 Nb4 10. Qd2 h6 11. Ne4 Nbd5 12. c4 Nxe4 13. dxe4 Nxf4 14. Qxf4
c6 15. Rad1 Be6 16. Rd2 Qa5 17. b3 Rad8 18. Rfd1 d5 19. exd5 cxd5 20. cxd5 Bxd5
21. Qf5 Rc8 22. Qxd5 Bc5 23. Qxb7 Rfe8 24. Bc4 Bb4 25. Qxf7+ Kh8 26. Rd7 Bc3
27. Rxa7 Qc5 28. h3 Rf8 29. Qe7 Qf5 30. Qe6 Qxe6 31. Bxe6 Ra8 32. Rxa8 Rxa8 33.
a4 Ba5 34. Rc1 Re8 35. Rc5 Bb6 36. Re5 Bc7 37. Re4 Rd8 38. Rd4 Re8 39. Rd7 Bf4
40. Bf5 Rc8 41. g3 Rc1+ 42. Kg2 Bc7 43. Re7 Kg8 44. Bg6 Bd6 45. Re8+ Bf8 46. a5
Ra1 47. Ne5 Rd1 48. Bf7+ Kh7 49. Rxf8 Rd6 50. Bg8+ Kh8 51. Nf7# 1-0

[Event "ODEM U14 2010"]
[Site "Oberhof GER"]
[Date "2010.05.27"]
[Round "5"]
[White "Wierzbicki, Jirawat"]
[Black "Schnabel, Bennett"]
[Result "1-0"]
[Termination "normal"]
[Board "14"]
[WhiteElo "1428"]
[BlackElo "1043"]
[PlyCount "97"]
[WhiteFideId "1153579"]
[BlackFideId "12943290"]
[EventCountry "GER"]
[EventRounds "7"]
[EventType "swiss"]
[EventDate "2010.05.22"]

1. e4 e5 2. Nf3 Nc6 3. d4 exd4 4. Nxd4 Nxd4 5. Qxd4 d6 6. Nc3 Nf6 7. Bc4 c5 8.
Qd1 a6 9. a4 Be7 10. Bf4 O-O 11. O-O Bg4 12. Qd2 Kh8 13. h3 Be6 14. Bxe6 fxe6
15. Rad1 e5 16. Bg3 Qb6 17. b3 Qc6 18. Rfe1 Rae8 19. Nd5 Nxd5 20. Qxd5 Qxd5 21.
Rxd5 Rb8 22. Red1 Rfc8 23. f4 c4 24. b4 Rd8 25. fxe5 dxe5 26. Rxd8+ Rxd8 27.
Rxd8+ Bxd8 28. Bxe5 Kg8 29. Kf2 Kf7 30. Ke3 g6 31. Kd4 Ke6 32. Bh8 Bf6+ 33.
Bxf6 Kxf6 34. Kd5 Ke7 35. Ke5 b5 36. axb5 axb5 37. Kd5 Kd7 38. e5 h6 39. e6+
Ke7 40. Ke5 Ke8 41. Kd6 h5 42. e7 g5 43. Kc5 Kxe7 44. Kxb5 Kd8 45. Kxc4 g4 46.
h4 g3 47. Kb5 Kc8 48. c4 Kb8 49. c5 1-0

[Event "ODEM U14 2010"]
[Site "Oberhof GER"]
[Date "2010.05.27"]
[Round "5"]
[White "Glase, Johan"]
[Black "Schramm, Moritz"]
[Result "1-0"]
[Termination "normal"]
[Board "15"]
[WhiteElo "1068"]
[BlackElo "1173"]
[PlyCount "105"]
[BlackFideId "12923508"]
[EventCountry "GER"]
[EventRounds "7"]
[EventType "swiss"]
[EventDate "2010.05.22"]

1. g3 c5 2. Bg2 d6 3. d3 Nf6 4. Nf3 e6 5. c4 Be7 6. O-O O-O 7. Nc3 h6 8. a3 Nc6
9. Rb1 a5 10. Na2 Qc7 11. Qc2 b6 12. b4 axb4 13. axb4 Qa7 14. Rb2 cxb4 15. Nxb4
Nxb4 16. Rxb4 d5 17. Rb1 dxc4 18. Qxc4 Bb7 19. Be3 Nd5 20. Bd4 Ba6 21. Qb3 Rab8
22. Nd2 Qb7 23. Bxb6 Qxb6 24. Bxd5 Qxb3 25. Bxb3 Rbc8 26. Rfc1 Kh8 27. Nc4 Bc5
28. e3 Ba7 29. d4 g5 30. Kg2 Bb7+ 31. Kg1 Ba6 32. Ne5 Rxc1+ 33. Rxc1 Kg7 34.
Ra1 Bb7 35. Rxa7 Ba8 36. Nxf7 Rb8 37. Ne5+ Kf8 38. Nd7+ Ke8 39. Nxb8 Be4 40.
Ba4+ Kd8 41. Nc6+ Bxc6 42. Bxc6 h5 43. Kg2 h4 44. Kh3 hxg3 45. Kxg3 Kc8 46. Rb7
Kd8 47. Kg4 Kc8 48. Kxg5 Kd8 49. Kf6 Kc8 50. Kxe6 Kd8 51. Kd5 Kc8 52. Kd6 Kd8
53. Rb8# 1-0

[Event "ODEM U14 2010"]
[Site "Oberhof GER"]
[Date "2010.05.27"]
[Round "5"]
[White "Svane, Frederik"]
[Black "Leyrer, Thomas"]
[Result "0-1"]
[Termination "normal"]
[Board "16"]
[WhiteElo "821"]
[BlackElo "1138"]
[PlyCount "100"]
[WhiteFideId "12923044"]
[BlackFideId "12908274"]
[EventCountry "GER"]
[EventRounds "7"]
[EventType "swiss"]
[EventDate "2010.05.22"]

1. e4 e5 2. Bc4 Bc5 3. Nf3 Nc6 4. c3 Nf6 5. O-O O-O 6. b4 Bb6 7. d3 d6 8. Qb3
Qe7 9. a4 a6 10. a5 Ba7 11. Bg5 h6 12. Bh4 Be6 13. Bxe6 Qxe6 14. Qxe6 fxe6 15.
Rd1 Rab8 16. d4 exd4 17. cxd4 Nxe4 18. Re1 d5 19. Rd1 Nxb4 20. Be7 Nc6 21. Bxf8
Rxf8 22. Ra4 Rb8 23. Nbd2 Nc3 24. Rda1 Nxa4 25. Rxa4 Re8 26. Kf1 Rf8 27. Ke2
Kf7 28. Ne5+ Nxe5 29. dxe5 Ke7 30. Nf3 Kd7 31. Rg4 Rf7 32. Nd4 Bxd4 33. Rxd4
Rf5 34. f4 g5 35. g3 gxf4 36. gxf4 Rh5 37. Rb4 Kc6 38. Kf2 Rxh2+ 39. Kg3 Ra2
40. Rb3 Rxa5 41. Rc3+ Rc5 42. Rb3 d4 43. Kg4 Rc3 44. Rb2 b5 45. Rd2 Rc4 46. Kf3
Kd5 47. Re2 d3 48. Ke3 dxe2 49. Kxe2 Rxf4 50. Kd3 Rf3+ 0-1

[Event "ODEM U14 2010"]
[Site "Oberhof GER"]
[Date "2010.05.27"]
[Round "5"]
[White "Wegmann, Simon"]
[Black "Dittrich, Tom"]
[Result "0-1"]
[Termination "normal"]
[Board "19"]
[WhiteElo "1134"]
[BlackElo "1074"]
[PlyCount "52"]
[WhiteFideId "1270758"]
[BlackFideId "12923532"]
[EventCountry "GER"]
[EventRounds "7"]
[EventType "swiss"]
[EventDate "2010.05.22"]

1. e4 c5 2. Nc3 d6 3. Bc4 e6 4. d3 Ne7 5. Nf3 g6 6. Ne2 Bg7 7. c3 Nbc6 8. Be3
O-O 9. Nd2 a6 10. f4 b5 11. Bb3 Bb7 12. Bc2 Qc7 13. g3 Rfc8 14. d4 cxd4 15.
cxd4 Nb4 16. Nc3 Nxc2+ 17. Qxc2 b4 18. Qb3 bxc3 19. Rc1 cxd2+ 20. Bxd2 Qd7 21.
Qe3 Rxc1+ 22. Bxc1 Rc8 23. Bd2 Nf5 24. Qd3 Nxd4 25. O-O Qb5 26. Qe3 Qxb2 0-1

[Event "ODEM U14 2010"]
[Site "Oberhof GER"]
[Date "2010.05.27"]
[Round "5"]
[White "Titgemeyer, Eva Maria"]
[Black "Nabinger, Annalena"]
[Result "1/2-1/2"]
[Termination "normal"]
[Board "20"]
[WhiteElo "1039"]
[BlackElo "1181"]
[PlyCount "47"]
[WhiteFideId "24655350"]
[BlackFideId "12902225"]
[EventCountry "GER"]
[EventRounds "7"]
[EventType "swiss"]
[EventDate "2010.05.22"]

1. e4 e5 2. Nf3 Nc6 3. Bc4 Nf6 4. Ng5 d5 5. exd5 Na5 6. Bb5+ c6 7. dxc6 bxc6 8.
Be2 h6 9. Nf3 e4 10. Ne5 Bd6 11. d4 Qb6 12. f3 c5 13. fxe4 cxd4 14. Nf3 Nxe4
15. Qxd4 Qxd4 16. Nxd4 O-O 17. Bf3 Bb7 18. Nd2 Nxd2 19. Bxd2 Bxf3 20. Nxf3
Rfe8+ 21. Kd1 Nc4 22. b3 Nxd2 23. Nxd2 Rad8 24. Re1 1/2-1/2

[Event "ODEM U14 2010"]
[Site "Oberhof GER"]
[Date "2010.05.27"]
[Round "5"]
[White "Michalowski, Melina"]
[Black "Scholz, Richard"]
[Result "1-0"]
[Termination "normal"]
[Board "21"]
[WhiteElo "1006"]
[BlackElo "890"]
[PlyCount "101"]
[WhiteFideId "12902462"]
[EventCountry "GER"]
[EventRounds "7"]
[EventType "swiss"]
[EventDate "2010.05.22"]

1. d4 d5 2. Nf3 Nf6 3. g3 b6 4. Bg2 Nbd7 5. O-O c5 6. c3 g6 7. Bf4 Bg7 8. Nbd2
O-O 9. Re1 e6 10. e4 Bb7 11. e5 Nh5 12. Be3 f6 13. exf6 Nhxf6 14. Bg5 Qc7 15.
Rxe6 Ne4 16. Nxe4 dxe4 17. Bf4 Qd8 18. Ne5 g5 19. Be3 Bc8 20. Qb3 Kh8 21. Rd6
Qe7 22. Re6 Qd8 23. Nxd7 Bxd7 24. Rd6 Re8 25. Qf7 Rf8 26. Qxd7 Qb8 27. Bxe4 Rd8
28. Qf5 Kg8 29. Bd5+ Kh8 30. Rxd8+ Qxd8 31. Bxa8 Qxa8 32. dxc5 bxc5 33. Rd1 Kg8
34. Qxg5 h6 35. Qd8+ Qxd8 36. Rxd8+ Bf8 37. Bxc5 Kg7 38. Rxf8 Kg6 39. Kg2 h5
40. Kf3 Kg5 41. Ke4 a5 42. Be7+ Kg6 43. Ke5 a4 44. Ke6 Kg7 45. Rf5 a3 46. bxa3
h4 47. gxh4 Kg8 48. Rg5+ Kh7 49. Kf7 Kh6 50. Bf8+ Kh7 51. Rh5# 1-0

[Event "ODEM U14 2010"]
[Site "Oberhof GER"]
[Date "2010.05.27"]
[Round "5"]
[White "Kravets, Nazar"]
[Black "Michalowski, Sophia"]
[Result "1-0"]
[Termination "normal"]
[Board "22"]
[WhiteElo "810"]
[BlackElo "956"]
[PlyCount "121"]
[BlackFideId "12902454"]
[EventCountry "GER"]
[EventRounds "7"]
[EventType "swiss"]
[EventDate "2010.05.22"]

1. e4 d5 2. exd5 Qxd5 3. Nc3 Qa5 4. Bc4 Nf6 5. Nf3 Bf5 6. O-O e6 7. d4 c6 8.
Bf4 Bb4 9. a3 Bxc3 10. bxc3 Qxc3 11. Bd3 Bxd3 12. cxd3 Nbd7 13. Ne5 Qxd4 14.
Nxd7 Qxd7 15. Be5 Qe7 16. Rb1 b6 17. Qc2 c5 18. d4 cxd4 19. Qc6+ Qd7 20. Qxa8+
Qd8 21. Qxd8+ Kxd8 22. Bxd4 Ke7 23. Rbc1 Rd8 24. Bxf6+ Kxf6 25. Rc3 g6 26. Rh3
Kg7 27. g4 a5 28. Re1 b5 29. Re5 Rd4 30. Rxb5 Rxg4+ 31. Rg3 Ra4 32. Rgg5 Rxa3
33. Rxa5 Rf3 34. h4 h6 35. Rg2 Rc3 36. h5 g5 37. f4 f6 38. Ra7+ Kf8 39. Rd2 Rc8
40. fxg5 fxg5 41. Rf2+ Kg8 42. Rff7 Rc1+ 43. Rf1 Rc8 44. Re1 Re8 45. Ra6 e5 46.
Rxh6 Kg7 47. Ra6 e4 48. h6+ Kh7 49. Rf1 Re7 50. Rf5 g4 51. Rg5 Re8 52. Rg7+ Kh8
53. Rf6 e3 54. Rf1 e2 55. Re1 g3 56. Rxg3 Kh7 57. Kf2 Rf8+ 58. Kxe2 Re8+ 59.
Kf1 Rf8+ 60. Kg2 Kxh6 61. Rh1# 1-0

[Event "ODEM U14 2010"]
[Site "Oberhof GER"]
[Date "2010.05.27"]
[Round "5"]
[White "Wenninger, Patrick"]
[Black "Falke, Janis"]
[Result "1-0"]
[Termination "normal"]
[Board "23"]
[WhiteElo "759"]
[BlackElo "904"]
[PlyCount "95"]
[WhiteFideId "12927880"]
[EventCountry "GER"]
[EventRounds "7"]
[EventType "swiss"]
[EventDate "2010.05.22"]

1. e4 e5 2. f4 Nc6 3. Nc3 Nf6 4. Bc4 Bc5 5. d3 O-O 6. Nf3 d6 7. Qe2 Bg4 8. h3
Nd4 9. Qd1 Nxf3+ 10. gxf3 Bh5 11. Qe2 Bg6 12. f5 Nh5 13. Qg2 Qh4+ 14. Ke2 Nf4+
15. Bxf4 Qxf4 16. fxg6 Qe3+ 17. Kf1 d5 18. Bxd5 c6 19. Bc4 b5 20. Bb3 hxg6 21.
Nd1 Qd4 22. Qf2 Qxf2+ 23. Nxf2 Bd4 24. c3 Bxf2 25. Kxf2 Rad8 26. Ke2 Kh8 27.
Rh2 f5 28. Rah1 fxe4 29. fxe4 Rd7 30. h4 Kh7 31. h5 Kh6 32. hxg6+ Kg5 33. Rg1+
Kf6 34. Rf2+ Ke7 35. Rgf1 Rxf2+ 36. Rxf2 Rd6 37. Rf7+ Ke8 38. Rxg7 Kf8 39. Rg8+
Ke7 40. g7 Kf6 41. Kf3 Kg6 42. Kg4 Kh6 43. Kf5 Rg6 44. Kxe5 a6 45. Bf7 Rxg7 46.
Rxg7 Kxg7 47. Be8 c5 48. Bxb5 1-0

[Event "ODEM U14 2010"]
[Site "Oberhof GER"]
[Date "2010.05.27"]
[Round "5"]
[White "Morio, Estelle"]
[Black "Holzapfel, Jan-Marius"]
[Result "1/2-1/2"]
[Termination "normal"]
[Board "24"]
[WhiteElo "881"]
[BlackElo "849"]
[PlyCount "48"]
[WhiteFideId "12951951"]
[EventCountry "GER"]
[EventRounds "7"]
[EventType "swiss"]
[EventDate "2010.05.22"]

1. e4 e5 2. Nc3 Nf6 3. g3 Bc5 4. h3 d6 5. Bg2 Be6 6. Nge2 Nc6 7. O-O Qd7 8. Kh2
O-O-O 9. d3 h5 10. Bg5 Rdf8 11. Qd2 Ne8 12. Be3 h4 13. Bxc5 dxc5 14. g4 Nf6 15.
f3 Rd8 16. Qg5 Ng8 17. Qxg7 Nge7 18. Qg5 Ng6 19. Rad1 Rdg8 20. Qe3 c4 21. Nb5
Kb8 22. dxc4 Qe7 23. b3 a6 24. Nbc3 Rd8 1/2-1/2